Statistics for Countries of the World with Exceptions

Click here to take the quiz!

General Stats

  • This quiz has been taken 29 times
  • The average score is 122 of 147

Answer Stats

Country% Correct
Norway
100%
Albania
96%
Australia
96%
Ecuador
96%
Finland
96%
Russia
96%
Spain
96%
Sweden
96%
Afghanistan
92%
Austria
92%
Chile
92%
Croatia
92%
Czech Republic
92%
Denmark
92%
Estonia
92%
Germany
92%
Guatemala
92%
Hungary
92%
India
92%
Japan
92%
Malta
92%
Mexico
92%
Mongolia
92%
New Zealand
92%
North Macedonia
92%
Portugal
92%
Romania
92%
South Korea
92%
United States
92%
Venezuela
92%
China
88%
Colombia
88%
Dominica
88%
Honduras
88%
Iceland
88%
Indonesia
88%
Italy
88%
Jordan
88%
Latvia
88%
Malaysia
88%
Montenegro
88%
Nepal
88%
North Korea
88%
Pakistan
88%
Panama
88%
Saint Kitts and Nevis
88%
Saint Vincent and the Grenadines
88%
Slovakia
88%
South Africa
88%
United Kingdom
88%
Uruguay
88%
Vatican City
88%
Yemen
88%
Argentina
85%
Cyprus
85%
El Salvador
85%
Ghana
85%
Ireland
85%
Jamaica
85%
Lithuania
85%
Marshall Islands
85%
Myanmar
85%
Netherlands
85%
Paraguay
85%
Philippines
85%
Qatar
85%
Slovenia
85%
Sri Lanka
85%
Turkey
85%
Tuvalu
85%
Zambia
85%
Algeria
81%
Andorra
81%
Angola
81%
Antigua and Barbuda
81%
Armenia
81%
Cambodia
81%
Costa Rica
81%
East Timor
81%
Eswatini
81%
Greece
81%
Israel
81%
Kazakhstan
81%
Kiribati
81%
Kosovo
81%
Lebanon
81%
Liechtenstein
81%
Morocco
81%
Nicaragua
81%
Nigeria
81%
Papua New Guinea
81%
Saint Lucia
81%
Samoa
81%
San Marino
81%
Solomon Islands
81%
Somalia
81%
Sudan
81%
Suriname
81%
Taiwan
81%
Tajikistan
81%
Tanzania
81%
Thailand
81%
Ukraine
81%
United Arab Emirates
81%
Zimbabwe
81%
Azerbaijan
77%
Dominican Republic
77%
Egypt
77%
Guinea-Bissau
77%
Guyana
77%
Kuwait
77%
Lesotho
77%
Liberia
77%
Libya
77%
Malawi
77%
Namibia
77%
Poland
77%
Serbia
77%
Singapore
77%
South Sudan
77%
Trinidad and Tobago
77%
Tunisia
77%
Turkmenistan
77%
Uganda
77%
Vietnam
77%
Comoros
73%
Ethiopia
73%
Gambia
73%
Grenada
73%
Kenya
73%
Kyrgyzstan
73%
Micronesia
73%
Mozambique
73%
Palau
73%
Saudi Arabia
73%
Syria
73%
Tonga
73%
Uzbekistan
73%
Cape Verde
69%
Eritrea
69%
Maldives
69%
Nauru
69%
Mauritania
65%
Sao Tome and Principe
65%
Sierra Leone
65%
Moldova
58%
Seychelles
54%

Score Distribution

Percentile by Number Answered

Percent of People with Each Score

Your Score History

You have not taken this quiz